00651 2200241 4500001002100000005001700021008004100038035002400079082001100103090001800114100001900132245006200151250001000213260003400223300002500257500002700282650004000309850001300349980001300362985000600375986001300381999001500394YOGYA-0209000001990520090227023033.0 ind  0010-020900000019905 a614.88 a614.88bKur T aKURNIA, Dadeng aTeknik dasar pertolongan kecelakaan di aircDadeng Kurnia aCet.1 aJakartabPrakarsa Beliac1985 a166 hlmbilusc21 cm aBibliografi : hlm. 166 aPertolongan pertama pada kecelakaan aYOPDYOGB a27/04/06 a1 aPKL-UGMM aP000027875